Normale Ansicht MARC-Ansicht ISBD

Donskaja armija v bor'be s bol'ševikami v 1919-1920 gg. (Titelsatznr. 5766)

[ MARC ]
MARC-Details
000 -Satzkennung
Kontrollfeld mit fester Länge 00717nam a22002531c 4500
001 - Kontrollnummer
Kontrollfeld a987690750
008 - Feld mit fester Länge zur physischen Beschreibung - Allgemeine Angaben
Kontrollfeld mit fester Länge 181029s2014 gw |||| 000u rus d
020 ## - Internationale Standardbuchnummer
Internationale Standardbuchnummer 9785910222094
Verknüpfung 978-5-91022-209-4
041 ## - Sprachcode
Sprachcode des Textes/der Tonspur oder des separaten Titels rus
040 ## - Katalogisierungsquelle
Übertragungsstelle RU-10907106
003 - Kontrollnummer Identifier
Kontrollfeld RU-10907106
100 1# - Haupteintragung - Personenname
Personenname Venkov, Andrej Vadimovič
245 00 - Titel
Titel Donskaja armija v bor'be s bol'ševikami v 1919-1920 gg.
264 ## - Produktion, Veröffentlichung, Distribution, Herstellung und Urheberrechtsvermerk
Herstellungs-, Veröffentlichungs- Vertriebs-, Erzeugungsort Moskva :
Produzent, Herausgeber, Distributor, Hersteller AIRO-XXI,
Datum der Herstellung, der Veröffentlichung, des Vertriebs oder des Urheberschutzvermerks 2014
300 ## - Physische Beschreibung
Umfang 437 Seiten
490 #0 - Gesamttitelangabe
Gesamttitelangabe Epocha revoljucij v Rossii. XX vek
490 #0 - Gesamttitelangabe
Gesamttitelangabe AIRO - monografija
610 #0 - Nebeneintragung unter einem Schlagwort - Körperschaftsname
Körperschafts- oder Gebietskörperschaftsname als Eintragungselement Donkosaken
650 #0 - Nebeneintragung unter einem Schlagwort - Sachschlagwort
Sachschlagwort oder geografischer Name als Eintragungselement Russischer Bürgerkrieg <1917-1921>
650 #0 - Nebeneintragung unter einem Schlagwort - Sachschlagwort
Sachschlagwort oder geografischer Name als Eintragungselement Bürgerkrieg
651 #0 - Nebeneintragung unter einem Schlagwort - Geografischer Name
Geografischer Name Sowjetunion
710 2# - Nebeneintragung - Körperschaftsname
Körperschafts- oder Gebietskörperschaftsname als Eintragungselement Južnyj načnyj centr RAN
942 ## - Zusätzliche Felder (Koha)
Koha-Medientyp Monographien
Exemplare
Ausgeschieden Verloren Klassifikation oder Aufstellungssystematik Beschädigt Nicht entleihbar Heimatbibliothek Aufenthaltsbibliothek Aufstellungsort Erwerbungsdatum Inventarnummer Signatur Barcode Letzte Aktivität Preis gültig von Koha-Medientyp
    Andere/Generische Klassifikation     MWN Osteuropa MWN Osteuropa Magazin - 2 29/10/2018 18-02206 R 61 ec Ven E0040150790E5FA7 23/02/2021 22/03/2021 Monographien